TRANSISTOR AND INTEGRATED ELECTRONICS (Record no. 583063)

000 -LEADER
fixed length control field 00245nam a22001097a 4500
082 ## - DEWEY DECIMAL CLASSIFICATION NUMBER
Classification number 621.381528 KIV
100 ## - MAIN ENTRY--PERSONAL NAME
Personal name PDF
9 (RLIN) 56879
245 ## - TITLE STATEMENT
Title TRANSISTOR AND INTEGRATED ELECTRONICS
260 ## - PUBLICATION, DISTRIBUTION, ETC.
Place of publication, distribution, etc. NEW YORK
Name of publisher, distributor, etc. PDF
Date of publication, distribution, etc. 1960
300 ## - PHYSICAL DESCRIPTION
Extent 671P
942 ## - ADDED ENTRY ELEMENTS (KOHA)
Koha item type Book
Holdings
Withdrawn status Lost status Damaged status Not for loan Permanent Location Current Location Shelving location Date acquired Total Checkouts Full call number Barcode Date last seen Price effective from Koha item type
        College of Electrical & Mechanical Engineering (CEME) College of Electrical & Mechanical Engineering (CEME) General Stacks 06/12/2017   621.381528 KIV CEME-8737 06/28/2021 06/28/2021 Book
© 2023 Central Library, National University of Sciences and Technology. All Rights Reserved.